Správa o vedeckovýskumnej činnosti na Ekonomickej univerzite v Bratislave za rok 2017
Enregistré dans:
| Auteur principal: | |
|---|---|
| Autres auteurs: | , , , , , , , , , , , , , , |
| Format: | Livre |
| Langue: | slovaque |
| Publié: |
Bratislava
Vydavateľstvo EKONÓM
2018
|
| Édition: | 1. vydanie |
| Sujets: | |
| Tags: |
Pas de tags, Soyez le premier à ajouter un tag!
|
MARC
| LEADER | 00000nlm a2200000 4500 | ||
|---|---|---|---|
| 001 | 0250386 | ||
| 005 | 20240827073749.9 | ||
| 020 | |a 978-80-225-4593-8 | ||
| 041 | 0 | |a slo | |
| 044 | |a SK | ||
| 245 | 1 | 0 | |a Správa o vedeckovýskumnej činnosti na Ekonomickej univerzite v Bratislave za rok 2017 |c Ferdinand Daňo a kolektív |
| 250 | |a 1. vydanie | ||
| 264 | 1 | |a Bratislava |b Vydavateľstvo EKONÓM |c 2018 | |
| 300 | |a CD-ROM [200 s., 11,68 AH] | ||
| 610 | 2 | 0 | |a veda ekonomická |
| 610 | 2 | 0 | |a výskum ekonomický |
| 610 | 2 | 0 | |a výskum vedecký |
| 610 | 2 | 0 | |a školy vysoké |
| 610 | 2 | 0 | |a univerzity |
| 610 | 2 | 0 | |a vzdelávanie vysokoškolské |
| 610 | 2 | 0 | |a projekty |
| 610 | 2 | 0 | |a akreditácia |
| 610 | 2 | 0 | |a činnosť publikačná |
| 610 | 2 | 0 | |a štúdium vysokoškolské |
| 610 | 2 | 0 | |a štúdium doktorandské |
| 100 | 1 | |a Daňo, Ferdinand, 1959- | |
| 700 | 1 | |a Adamek, Gabriel | |
| 700 | 1 | |a Bobenič Hintošová, Aneta, 1979- | |
| 700 | 1 | |a Brčáková, Martina | |
| 700 | 1 | |a Brinčíková, Zuzana, 1979- | |
| 700 | 1 | |a Čiderová, Denisa, 1977- | |
| 700 | 1 | |a Hrivíková, Tatiana, 1959- | |
| 700 | 1 | |a Kubičková, Viera, 1970- | |
| 700 | 1 | |a Lipková, Ľudmila | |
| 700 | 1 | |a Petianová, Andrea, 1976- | |
| 700 | 1 | |a Pleschová, Gabriela | |
| 700 | 1 | |a Šoltés, Erik, 1974- | |
| 700 | 1 | |a Tkáčová, Jana, 1977- | |
| 700 | 1 | |a Tóth, Miroslav, 1961- | |
| 700 | 1 | |a Vašková, Vanda | |
| 700 | 1 | |a Wallner, Jozef | |